|
|
|
|
| LEADER |
00000nab a2200000 a 4500 |
| 001 |
vtls000061648 |
| 003 |
SK-MaSNL |
| 005 |
20260304065710.0 |
| 008 |
250422c1980 xo 0 slo |
| 015 |
|
|
|a SNBRB19rr/mm-uuuuu
|
| 035 |
|
|
|a CL0071748
|
| 035 |
|
|
|a urn:nbn:sk:snk-abcyzb
|
| 035 |
|
|
|a (urnnbn)urn:nbn:sk:snk:ar-006tp5
|
| 035 |
|
|
|a (uuid)88fad5bc-32b5-4fd3-9151-8edab72b576b
|
| 040 |
|
|
|a SNKBUCL
|b slo
|c SNKBUCL
|e AACR2
|
| 041 |
0 |
|
|a slo
|
| 044 |
|
|
|a xo
|c SK
|
| 080 |
|
|
|a 621.38
|2 1981
|
| 100 |
1 |
|
|a Luby, Štefan,
|d 1941-
|4 aut
|9 92597
|
| 245 |
1 |
0 |
|a Vplyv iónovej implantácie kyslíka na životnosť hliníkových spojov elektronických súčiastok
|c Štefan Luby, Jaroslav Král, Martin Setvák
|
| 300 |
|
|
|b Obr. 1. Tb. 1. Res. rus., nem., angl.
|
| 650 |
0 |
7 |
|a elektronické súčiastky
|2 snkbucl
|9 3922
|
| 650 |
0 |
7 |
|a tenkovrstvové spoje
|2 snkbucl
|9 1346060
|
| 655 |
|
7 |
|a články z novín a časopisov
|2 snkbucl
|9 267496
|
| 700 |
1 |
|
|a Král, Jaroslav
|4 aut
|9 5082
|
| 700 |
1 |
|
|a Setvák, Martin
|4 aut
|9 1117694
|
| 773 |
0 |
|
|t Elektrotechnický časopis
|g Roč. 31, č. 4 (1980), s. 317-324
|
| 850 |
|
|
|a Slovenská národná knižnica
|
| 852 |
|
|
|a Slovenská národná knižnica
|
| 954 |
|
|
|a odborná, vedecká literatúra pôvodná (slovenská)
|2 lita
|
| 958 |
|
|
|a article17
|
| 958 |
|
|
|a RK
|
| 958 |
|
|
|a OND
|
| 958 |
|
|
|a EUIPO
|
| 992 |
|
|
|a RBX
|
| 999 |
|
|
|c 2752060
|d 2753990
|